Search the Library Catalogue
| 000 -LEADER | |
|---|---|
| fixed length control field | 00745nam a2200229Ia 4500 |
| 008 - FIXED-LENGTH DATA ELEMENTS--GENERAL INFORMATION | |
| fixed length control field | 191130s1998##################000#0#eng## |
| 020 ## - INTERNATIONAL STANDARD BOOK NUMBER | |
| ISBN | 0792380150 |
| 082 ## - DEWEY DECIMAL CLASSIFICATION NUMBER | |
| Classification number | 006.7 GON |
| 100 ## - MAIN ENTRY--AUTHOR NAME | |
| Personal name | Gong, Yihong |
| 245 ## - TITLE STATEMENT | |
| Title | Intelligent image databases : towards advanced image retrieval |
| Statement of responsibility, etc | by Yihong Gong |
| 260 ## - PUBLICATION, DISTRIBUTION, ETC. (IMPRINT) | |
| Place of publication | Deventer ; Boston |
| Name of publisher | Kluwer Academic Publishers |
| Year of publication | c1998 |
| 300 ## - PHYSICAL DESCRIPTION | |
| Number of Pages | xv, 134 p. : ill. ; 25 cm |
| 500 ## - GENERAL NOTE | |
| General note | Includes bibliographical references (p. [129]-132) and index |
| 650 ## - SUBJECT ADDED ENTRY--TOPICAL TERM | |
| Topical Term | Database management |
| Topical Term | Image processing - Digital techniques |
| Topical Term | Multimedia systems |
| 991 ## - | |
| -- | 415502 |
| Withdrawn status | Lost status | Damaged status | Not for loan | Home library | Current library | Shelving location | Date acquired | Full call number | Accession Number | Price effective from | Koha item type |
|---|---|---|---|---|---|---|---|---|---|---|---|
| Anna Centenary Library | Anna Centenary Library | 3RD FLOOR, A WING | 13.10.2020 | 006.7 GON | 210568 | 13.10.2020 | English Books |